| 000 | 00845cam a22002535a 4500 | ||
|---|---|---|---|
| 001 | 11745795 | ||
| 005 | 20161109151636.0 | ||
| 008 | 131023s2014 maua fr 001 0 eng d | ||
| 020 | _z9780240821573 | ||
| 040 |
_aUMI _beng _cUMI _dEG-ScBUE |
||
| 082 | 0 | 4 |
_222 _a621.3893 _bHUB |
| 100 | 1 | _aHuber, David Miles. | |
| 245 | 1 | 0 |
_aModern recording techniques : _cDavid Miles Huber, Robert E. Runstein. |
| 250 | _a8th ed. | ||
| 260 |
_aBurlington : _bFocal Press / Taylor & Francis Group, _c2014. |
||
| 300 |
_axix, 644 p. : _bill. ; _c24 cm. |
||
| 500 | _aIndex : p. 635-644. | ||
| 650 | 7 |
_aSound _xRecording and reproducing. _2BUEsh _937816 |
|
| 650 | 7 |
_aMagnetic recorders and recording. _2BUEsh |
|
| 650 | 7 |
_aDigital audiotape recorders and recording. _2BUEsh |
|
| 653 |
_bCOMAME _cNovember2016 |
||
| 700 | 1 | _aRunstein, Robert E. | |
| 942 | _2ddc | ||
| 999 |
_c23077 _d23049 |
||